Plan Nacional de Desarrollo (Registro nro. 161619)
[ vista simple ]
| 000 -LEADER | |
|---|---|
| fixed length control field | 01005nam a22002417a 4500 |
| 007 - PHYSICAL DESCRIPTION FIXED FIELD--GENERAL INFORMATION | |
| fixed length control field | cr|||| |||| |
| 008 - FIXED-LENGTH DATA ELEMENTS--GENERAL INFORMATION | |
| fixed length control field | 120620s20092012co |||| s|||| 0||| 1spa d |
| 035 ## - | |
| -- | 6538 |
| 040 ## - CATALOGING SOURCE | |
| Original cataloging agency | vLex |
| 090 ## - | |
| -- | 3212 |
| -- | 3212 |
| 245 00 - TITLE STATEMENT | |
| Title | Plan Nacional de Desarrollo |
| Medium | [recurso electrónico] : |
| Remainder of title | Informes |
| 256 ## - | |
| -- | Servicio en línea |
| 260 ## - PUBLICATION, DISTRIBUTION, ETC. (IMPRINT) | |
| Place of publication, distribution, etc | [Colombia] : |
| Name of publisher, distributor, etc | [s.n], |
| Date of publication, distribution, etc | 2009- |
| 300 ## - PHYSICAL DESCRIPTION | |
| Extent | 1 recurso electrónico |
| 310 ## - | |
| -- | Indeterminada |
| 362 0# - | |
| -- | Núm. 1 (2009) - |
| 506 1# - RESTRICTIONS ON ACCESS NOTE | |
| Terms governing access | Contenido solo disponible en los productos indicados |
| Authorized users | vLex Global |
| -- | vLex Global (Academic Edition, excluding Law Schools) |
| -- | vLex Global (U.S. Academic Edition, Law Schools) |
| -- | vLex Global (U.S. Academic Edition, excluding Law Schools) |
| -- | vLex Global (Academic Edition, Law Schools) |
| 650 04 - SUBJECT ADDED ENTRY--TOPICAL TERM | |
| Topical term or geographic name as entry element | Informes administrativos |
| Geographic subdivision | Colombia |
| 740 0# - | |
| -- | vLex Revistas (Servicio en línea) |
| 856 40 - LOCALIZACIÓN Y ACCESO ELECTRÓNICO | |
| Identificador Uniforme del Recurso (URI/URL) | https://app.vlex.com/#/sources/informes-dnp-plan-nacional-desarrollo-6538 |
| 942 ## - | |
| -- | RAA |
| 999 ## - | |
| -- | 161619 |
| -- | 161619 |
No hay ítems disponibles.